Hosea - Malachi / (Record no. 5529)

MARC details
000 -LEADER
fixed length control field 00507nam a22001937a 4500
003 - CONTROL NUMBER IDENTIFIER
control field GBCCL
005 - DATE AND TIME OF LATEST TRANSACTION
control field 20241126110544.0
008 - FIXED-LENGTH DATA ELEMENTS--GENERAL INFORMATION
fixed length control field 180326b ||||| |||| 00| 0 eng d
020 ## - INTERNATIONAL STANDARD BOOK NUMBER
International Standard Book Number 0862013690
040 ## - CATALOGING SOURCE
Transcribing agency gbc
082 ## - DEWEY DECIMAL CLASSIFICATION NUMBER
Classification number 220.7
Item number BIB
100 ## - MAIN ENTRY--PERSONAL NAME
Personal name Allen, Leslie
9 (RLIN) 9973
245 ## - TITLE STATEMENT
Title Hosea - Malachi /
Statement of responsibility, etc. Leslie Allen
260 ## - PUBLICATION, DISTRIBUTION, ETC.
Name of publisher, distributor, etc. Scripture Union,
Place of publication, distribution, etc. London:
Date of publication, distribution, etc. 1987
300 ## - PHYSICAL DESCRIPTION
Extent 126 p.;
Dimensions 21 cm.
440 ## - SERIES STATEMENT/ADDED ENTRY--TITLE
Title Bible Study Commentary
9 (RLIN) 7334
650 ## - SUBJECT ADDED ENTRY--TOPICAL TERM
Topical term or geographic name entry element Bible
Form subdivision Hosea
General subdivision Malachi
9 (RLIN) 9974
942 ## - ADDED ENTRY ELEMENTS (KOHA)
Source of classification or shelving scheme Dewey Decimal Classification
Koha item type Books
Koha issues (borrowed), all copies 4
Holdings
Withdrawn status Lost status Source of classification or shelving scheme Damaged status Not for loan Home library Current Library Shelving location Date acquired Total checkouts Full call number Barcode Date last seen Date last checked out Copy number Price effective from Koha item type
    Dewey Decimal Classification     GRACE BIBLE COLLEGE GRACE BIBLE COLLEGE Biblical Studies 2018-03-26 5 220.7 BIB 001553 2026-02-27 2026-02-19 c.1 2018-03-26 Books
© Grace Bible College Library 2025